[Event "Campeonato Gallego Sub-18"]
[Site "Pontedeume"]
[Date "2010.02.15"]
[Round "5"]
[White "Villar Perez, Samuel"]
[Black "Alonso Macias, Victor"]
[Result "1/2-1/2"]
[WhiteElo "2086"]
[BlackElo "1999"]
[PlyCount "143"]
[EventDate "2010.02.13"]
[EventRounds "8"]
[EventCountry "ESP"]

1. d4 Nf6 2. Nf3 g6 3. c4 c5 4. Nc3 cxd4 5. Nxd4 Bg7 6. g3 a6 7. Bg2 Nc6 8. O-O
O-O 9. e3 Qc7 10. b3 d6 11. Bb2 Bd7 12. Rc1 Qa5 13. a3 Rab8 14. b4 Qg5 15. Qe2
Rfc8 16. Nb3 Qh6 17. f3 Ne5 18. Nb1 Ne8 19. N1d2 Ng4 20. fxg4 Bxb2 21. Rb1 Bf6
22. Ne4 Qg7 23. Nxf6+ Nxf6 24. h3 Be6 25. Rfc1 Nd7 26. Nd4 Qe5 27. Kh2 Nf6 28.
Qd3 Nd7 29. Nf3 Qg7 30. Qe4 h5 31. gxh5 Nf6 32. Qh4 gxh5 33. Ng5 Bf5 34. Rb3
Bg6 35. Rbc3 b6 36. Bf3 Rc7 37. Qd4 Nd7 38. Qh4 Nf6 39. Bd1 Rbc8 40. Qd4 Nd7
41. Bb3 Qe5 42. h4 b5 43. c5 dxc5 44. bxc5 Qf5 45. e4 Qe5 46. Qf2 Nf6 47. Kh3
Kg7 48. R3c2 Nxe4 49. Nxe4 Qxe4 50. Kh2 Qe5 51. Rf1 Rxc5 52. Rxc5 Qxc5 53. Qf4
Qd6 54. Qg5 Rf8 55. Rf3 e5 56. Bc2 Rd8 57. Rxf7+ Kxf7 58. Bxg6+ Qxg6 59. Qxd8
e4 60. Qd1 Kf6 61. Qd6+ Kf5 62. Qd5+ Kf6 63. Qd6+ Kf7 64. Qd7+ Kf8 65. Qd8+ Qe8
66. Qf6+ Kg8 67. Qg5+ Kh7 68. Qf5+ Qg6 69. Qd7+ Kh6 70. Qd2+ Kg7 71. Qd7+ Kf6
72. Qd4+ 1/2-1/2

[Event "Campeonato Gallego Sub-18"]
[Site "Pontedeume"]
[Date "2010.02.15"]
[Round "5"]
[White "Portela Gonzalez, Adrian"]
[Black "Gomez Dieguez, David"]
[Result "1/2-1/2"]
[WhiteElo "1811"]
[BlackElo "1878"]
[PlyCount "38"]
[EventDate "2010.02.13"]
[EventRounds "8"]
[EventCountry "ESP"]

1. Nf3 b5 2. b3 Bb7 3. Bb2 Nf6 4. e3 a6 5. c4 bxc4 6. bxc4 e6 7. d4 c5 8. Be2
d5 9. Qb3 Qc7 10. Nbd2 Nbd7 11. O-O Rb8 12. Qc2 Bd6 13. h3 O-O 14. dxc5 Bxc5
15. Rfc1 Rfc8 16. cxd5 Nxd5 17. Nc4 f6 18. Qe4 Nf8 19. Qc2 Qe7 1/2-1/2

[Event "Campeonato Gallego Sub-18"]
[Site "Pontedeume"]
[Date "2010.02.15"]
[Round "5"]
[White "Gonzalez Carro, Victor"]
[Black "Gomez Dominguez, Xavier"]
[Result "0-1"]
[WhiteElo "1708"]
[BlackElo "2033"]
[PlyCount "64"]
[EventDate "2010.02.13"]
[EventRounds "8"]
[EventCountry "ESP"]

1. e4 c5 2. Nc3 Nc6 3. f4 g6 4. Nf3 Bg7 5. Bc4 e6 6. O-O Nge7 7. d3 O-O 8. e5
d5 9. exd6 Nf5 10. Ne4 b6 11. c3 Nxd6 12. Nxd6 Qxd6 13. Be3 Rd8 14. Qe2 Na5 15.
Rad1 Nxc4 16. dxc4 Qe7 17. Rxd8+ Qxd8 18. Rd1 Qc7 19. Ne5 f6 20. Ng4 Bb7 21.
Bc1 Kf7 22. Re1 Qc6 23. h4 h5 24. Ne3 Rd8 25. f5 exf5 26. Nxf5 gxf5 27. Qxh5+
Kf8 28. Qg6 Re8 29. Rd1 Re2 30. Rd8+ Ke7 31. Re8+ Qxe8 32. Qxg7+ Qf7 0-1

[Event "Campeonato Gallego Sub-18"]
[Site "Pontedeume"]
[Date "2010.02.15"]
[Round "5"]
[White "Otero Nogueira, Brais"]
[Black "Blazquez Criado, Sergio"]
[Result "1-0"]
[WhiteElo "1934"]
[BlackElo "1752"]
[PlyCount "53"]
[EventDate "2010.02.13"]
[EventRounds "8"]
[EventCountry "ESP"]

1. e4 Nc6 2. Nf3 d5 3. exd5 Qxd5 4. d4 Bg4 5. Be2 O-O-O 6. Be3 Nf6 7. c4 Qf5 8.
Nbd2 e6 9. O-O h5 10. a3 Bd6 11. c5 Bf4 12. b4 Nd5 13. Nc4 e5 14. b5 Nc3 15.
Qd3 Nxe2+ 16. Qxe2 Nxd4 17. Bxd4 exd4 18. Rfe1 Qxc5 19. Qe4 Bxf3 20. Qxf4 Qxc4
21. Rac1 g5 22. Qf5+ Qe6 23. Rxe6 fxe6 24. Qxe6+ Kb8 25. gxf3 Rhe8 26. Qf7 d3
27. Rxc7 1-0

[Event "Campeonato Gallego Sub-18"]
[Site "Pontedeume"]
[Date "2010.02.15"]
[Round "5"]
[White "Medarde Santiago, Luis Marcos"]
[Black "Carballo Noya, Miguel"]
[Result "1-0"]
[WhiteElo "1837"]
[BlackElo "1739"]
[PlyCount "93"]
[EventDate "2010.02.13"]
[EventRounds "8"]
[EventCountry "ESP"]

1. c4 g6 2. Nc3 Bg7 3. Nf3 d6 4. d4 f5 5. Bg5 Nf6 6. Bxf6 Bxf6 7. e3 c6 8. h4
Nd7 9. h5 g5 10. Bd3 Nb6 11. Qc2 e5 12. dxe5 dxe5 13. O-O-O Qe7 14. Bxf5 Nxc4
15. Bxc8 Rxc8 16. Ne4 b5 17. b3 Na3 18. Qb2 b4 19. Nd6+ Kf8 20. Nxc8 Qc5+ 21.
Kd2 Kf7 22. Nd6+ Qxd6+ 23. Ke2 Qe6 24. Qd2 e4 25. Nh2 Nb5 26. Qd7+ Qxd7 27.
Rxd7+ Ke6 28. Rd2 Nc3+ 29. Kf1 Nd5 30. g3 Rd8 31. Rc2 Bc3 32. Kg2 Rf8 33. Nf1
Rf3 34. Re2 Rf7 35. Nd2 Ke5 36. Nb1 Rd7 37. Rc2 Rd6 38. a3 a5 39. Nxc3 Nxc3 40.
axb4 axb4 41. Ra1 h6 42. Ra7 c5 43. Rc7 Kf5 44. Rxc5+ Kg4 45. Rc4 Rb6 46. Rd2
Kxh5 47. Rdd4 1-0

[Event "Campeonato Gallego Sub-18"]
[Site "Pontedeume"]
[Date "2010.02.15"]
[Round "5"]
[White "Montans Lopez, Adrian"]
[Black "Cruz Guerra, Samuel"]
[Result "0-1"]
[WhiteElo "1539"]
[BlackElo "1808"]
[PlyCount "84"]
[EventDate "2010.02.13"]
[EventRounds "8"]
[EventCountry "ESP"]

1. d4 Nf6 2. Nf3 b5 3. e3 a6 4. c4 bxc4 5. Bxc4 e6 6. Nbd2 Bb7 7. b3 d5 8. Be2
a5 9. a4 Ba6 10. O-O Bd6 11. Ba3 O-O 12. Bxd6 cxd6 13. Bxa6 Nxa6 14. Ne1 Qb6
15. Nd3 Rfc8 16. Rc1 Ne4 17. Rxc8+ Rxc8 18. f3 Nxd2 19. Qxd2 Qxb3 20. Rc1 Rxc1+
21. Qxc1 Qc4 22. Qxc4 dxc4 23. Nc1 Nb4 24. Kf2 d5 25. Ke2 g5 26. Kd2 Kg7 27. e4
Kf6 28. Ne2 h5 29. Nc3 Kg6 30. exd5 exd5 31. g4 h4 32. Ke2 Kf6 33. Kd2 Ke6 34.
Nd1 f5 35. h3 Nd3 36. Ke3 Ne1 37. Kf2 Nc2 38. Nc3 Nxd4 39. Ke3 Ke5 40. Nb5 f4+
41. Kf2 Nxb5 42. axb5 Kd6 0-1

[Event "Campeonato Gallego Sub-18"]
[Site "Pontedeume"]
[Date "2010.02.15"]
[Round "5"]
[White "Lopez Grana, Carmen"]
[Black "Rodriguez Dominguez, Javier"]
[Result "1-0"]
[WhiteElo "1794"]
[BlackElo "1605"]
[PlyCount "89"]
[EventDate "2010.02.13"]
[EventRounds "8"]
[EventCountry "ESP"]

1. e4 e5 2. Nf3 Nc6 3. Bb5 a6 4. Ba4 Nf6 5. d3 b5 6. Bb3 Be7 7. Nbd2 d6 8. c3
Bg4 9. Nf1 Qd7 10. Ng3 O-O 11. h3 Be6 12. O-O Na5 13. Bc2 c5 14. Nh2 Nc6 15. f4
exf4 16. Bxf4 b4 17. Kh1 Qc8 18. Bg5 h6 19. Bxf6 Bxf6 20. Nf5 Bxf5 21. Rxf5
bxc3 22. Ng4 Bd4 23. bxc3 Bxc3 24. Rb1 Nd4 25. Rh5 Nxc2 26. Qxc2 Bd4 27. Rf1
Rb8 28. Qc1 Qe6 29. Qf4 Be5 30. Nxe5 dxe5 31. Rxe5 Qxa2 32. Rxc5 Rb1 33. d4
Rfb8 34. Rxb1 Rxb1+ 35. Kh2 Rb2 36. Qg4 Rb8 37. d5 a5 38. Rc6 Qb2 39. Qf4 a4
40. d6 a3 41. d7 Rd8 42. Qc7 Rxd7 43. Qxd7 a2 44. Rc8+ Kh7 45. Qf5+ 1-0

[Event "Campeonato Gallego Sub-18"]
[Site "Pontedeume"]
[Date "2010.02.15"]
[Round "5"]
[White "Larrosa Villanueva, Uxia"]
[Black "Varela Fernandez, Andres"]
[Result "1/2-1/2"]
[WhiteElo "1582"]
[BlackElo "1632"]
[PlyCount "48"]
[EventDate "2010.02.13"]
[EventRounds "8"]
[EventCountry "ESP"]

1. e4 c5 2. Nf3 Nc6 3. d4 cxd4 4. Nxd4 g6 5. Be3 Bg7 6. Bc4 d6 7. Nc3 Nf6 8. f3
O-O 9. Qd2 Bd7 10. Bb3 Rc8 11. O-O-O Re8 12. Bh6 Bh8 13. g4 Nxd4 14. Qxd4 Nxg4
15. Qd2 Nxh6 16. Qxh6 Rc5 17. Rdg1 Qc8 18. Bxf7+ Kxf7 19. Qxh7+ Ke6 20. Rxg6+
Bf6 21. Qh3+ Kf7 22. Qh7+ Ke6 23. Qh3+ Kf7 24. Qh7+ Ke6 1/2-1/2

[Event "Campeonato Gallego Sub-18"]
[Site "Pontedeume"]
[Date "2010.02.15"]
[Round "5"]
[White "Sanchez Gabin, Aranzazu"]
[Black "Formoso Leal, Laura"]
[Result "1-0"]
[WhiteElo "1631"]
[BlackElo "1401"]
[PlyCount "79"]
[EventDate "2010.02.13"]
[EventRounds "8"]
[EventCountry "ESP"]

1. Nf3 d5 2. c4 Nf6 3. g3 Bf5 4. Bg2 e6 5. O-O Bd6 6. d3 O-O 7. Nc3 c6 8. Re1
Bg4 9. Qc2 e5 10. Bg5 Be6 11. Nd2 Nbd7 12. cxd5 cxd5 13. Bxd5 Bxd5 14. Nxd5 h6
15. Nxf6+ Nxf6 16. Bxf6 Qxf6 17. Ne4 Qd8 18. Nxd6 Qxd6 19. Rac1 Rac8 20. Qb3
Qd7 21. Rc3 Rc6 22. Rec1 Rfc8 23. Kg2 Kf8 24. Qb4+ Kg8 25. Qb3 Kf8 26. R1c2
R8c7 27. Qb5 f6 28. Rxc6 Rxc6 29. Rxc6 Qxc6+ 30. Qxc6 bxc6 31. Kf3 Ke7 32. Ke4
g6 33. d4 Ke6 34. dxe5 fxe5 35. b4 Kd6 36. e3 Ke6 37. f4 exf4 38. exf4 a6 39.
a3 h5 40. h3 1-0

[Event "Campeonato Gallego Sub-18"]
[Site "Pontedeume"]
[Date "2010.02.15"]
[Round "6"]
[White "Gomez Dominguez, Xavier"]
[Black "Villar Perez, Samuel"]
[Result "1/2-1/2"]
[WhiteElo "2033"]
[BlackElo "2086"]
[PlyCount "70"]
[EventDate "2010.02.13"]
[EventRounds "8"]
[EventCountry "ESP"]

1. e4 c5 2. Nc3 Nc6 3. g3 g6 4. Bg2 Bg7 5. d3 d6 6. f4 e5 7. Nh3 Nge7 8. O-O
Nd4 9. f5 gxf5 10. Qh5 h6 11. Rf2 Be6 12. Be3 Qd7 13. Raf1 O-O-O 14. Nd5 fxe4
15. Nxe7+ Qxe7 16. Bxd4 cxd4 17. Rxf7 Qe8 18. Bxe4 Rf8 19. Bf5 Qxf7 20. Qxf7
Rxf7 21. Bxe6+ Rfd7 22. Rf7 Kc7 23. Rxd7+ Rxd7 24. Bxd7 Kxd7 25. g4 Ke6 26. Kg2
Bf6 27. Kf3 d5 28. Ng1 b5 29. Ne2 Bh4 30. Kg2 Be1 31. Kf3 Bh4 32. Ng3 Bxg3 33.
Kxg3 b4 34. Kf3 Kf6 35. h4 a6 1/2-1/2

[Event "Campeonato Gallego Sub-18"]
[Site "Pontedeume"]
[Date "2010.02.15"]
[Round "6"]
[White "Alonso Macias, Victor"]
[Black "Otero Nogueira, Brais"]
[Result "1/2-1/2"]
[WhiteElo "1999"]
[BlackElo "1934"]
[PlyCount "71"]
[EventDate "2010.02.13"]
[EventRounds "8"]
[EventCountry "ESP"]

1. e4 c5 2. Nf3 d6 3. d4 cxd4 4. Nxd4 Nf6 5. Nc3 g6 6. Be3 Bg7 7. f3 O-O 8. Qd2
Nc6 9. Bc4 Bd7 10. h4 h5 11. O-O-O Ne5 12. Bb3 Rc8 13. g4 Bxg4 14. fxg4 Nexg4
15. Kb1 Nxe3 16. Qxe3 Ng4 17. Qe1 Rc5 18. Rf1 Ne5 19. Nd5 Nc6 20. Nxc6 bxc6 21.
Nf4 e6 22. c3 Re5 23. Nd3 Rb5 24. Qf2 d5 25. exd5 cxd5 26. Nf4 Qe7 27. Rg1 Qf6
28. Rdf1 d4 29. Qe2 Re5 30. Qd3 Qxh4 31. cxd4 Rf5 32. Nxg6 Rxf1+ 33. Rxf1 fxg6
34. Bxe6+ Kh7 35. Rxf8 Bxf8 36. d5 1/2-1/2

[Event "Campeonato Gallego Sub-18"]
[Site "Pontedeume"]
[Date "2010.02.15"]
[Round "6"]
[White "Cruz Guerra, Samuel"]
[Black "Portela Gonzalez, Adrian"]
[Result "0-1"]
[WhiteElo "1808"]
[BlackElo "1811"]
[PlyCount "46"]
[EventDate "2010.02.13"]
[EventRounds "8"]
[EventCountry "ESP"]

1. e4 b6 2. d4 Bb7 3. Nc3 e6 4. Nf3 d5 5. e5 c5 6. Bf4 a6 7. Be2 Ne7 8. dxc5
bxc5 9. O-O Ng6 10. Bg3 Be7 11. b3 f5 12. h3 Nc6 13. Re1 O-O 14. Na4 Qc7 15.
Bd3 Rac8 16. h4 f4 17. Bxg6 fxg3 18. Bh5 Bxh4 19. fxg3 Bxg3 20. Re2 Nxe5 21.
Nxe5 Bxe5 22. Rb1 Bd4+ 23. Kh1 Qg3 0-1

[Event "Campeonato Gallego Sub-18"]
[Site "Pontedeume"]
[Date "2010.02.15"]
[Round "6"]
[White "Rey Malde, Henrique"]
[Black "Medarde Santiago, Luis Marcos"]
[Result "0-1"]
[WhiteElo "1711"]
[BlackElo "1837"]
[PlyCount "46"]
[EventDate "2010.02.13"]
[EventRounds "8"]
[EventCountry "ESP"]

1. e4 b6 2. d4 Bb7 3. Nc3 e6 4. Be3 Bb4 5. Bd3 f5 6. f3 fxe4 7. fxe4 Nf6 8. Bg5
Be7 9. Nge2 O-O 10. Qd2 Ng4 11. Bf4 e5 12. dxe5 Bc5 13. Rf1 Qh4+ 14. Ng3 Nxh2
15. O-O-O Nxf1 16. Rxf1 Rxf4 17. Rxf4 Qxg3 18. Bc4+ Kh8 19. e6 Nc6 20. Rf3 Qg6
21. exd7 Qh6 22. Qxh6 gxh6 23. a3 Ne5 0-1

[Event "Campeonato Gallego Sub-18"]
[Site "Pontedeume"]
[Date "2010.02.15"]
[Round "6"]
[White "Gomez Dieguez, David"]
[Black "Pedreira Giralda, Francisco"]
[Result "0-1"]
[WhiteElo "1878"]
[BlackElo "1749"]
[PlyCount "88"]
[EventDate "2010.02.13"]
[EventRounds "8"]
[EventCountry "ESP"]

1. e4 Nf6 2. Nc3 d5 3. e5 d4 4. exf6 dxc3 5. fxg7 cxd2+ 6. Bxd2 Bxg7 7. Qh5 Qd4
8. Nf3 Qxb2 9. Rd1 Qxc2 10. Qd5 Nc6 11. Bd3 Qb2 12. Ng5 Qe5+ 13. Be4 Qxd5 14.
Bxd5 Nd8 15. Ba5 c6 16. Bb3 Ne6 17. f4 b6 18. Nxe6 Bxe6 19. Bxe6 fxe6 20. Bb4
c5 21. Ba3 Kf7 22. Rd7 Rhd8 23. Rc7 Bc3+ 24. Ke2 Rd2+ 25. Kf3 Rxa2 26. Bc1 Ra1
27. Rd1 Bd4 28. g4 b5 29. Re1 Bb2 30. Rxc5 Rxc1 31. Rexc1 Bxc1 32. Rxc1 b4 33.
Rc7 a5 34. Rb7 Rc8 35. Ra7 Rc3+ 36. Ke4 Ra3 37. Kd4 a4 38. Rb7 b3 39. Kc3 Ra2
40. h3 Rc2+ 41. Kb4 Ra2 42. Kc3 b2 43. Rxb2 Rxb2 44. Kxb2 e5 0-1

[Event "Campeonato Gallego Sub-18"]
[Site "Pontedeume"]
[Date "2010.02.15"]
[Round "6"]
[White "Carballo Noya, Miguel"]
[Black "Larrosa Villanueva, Uxia"]
[Result "1-0"]
[WhiteElo "1739"]
[BlackElo "1582"]
[PlyCount "85"]
[EventDate "2010.02.13"]
[EventRounds "8"]
[EventCountry "ESP"]

1. e4 c5 2. Nc3 g6 3. Bc4 Bg7 4. d3 e6 5. f4 Ne7 6. Be3 d6 7. d4 Qa5 8. Nge2
O-O 9. O-O a6 10. dxc5 dxc5 11. Qd6 Nbc6 12. Qxc5 b5 13. Bb3 b4 14. Na4 Rb8 15.
Qxa5 Nxa5 16. Bc5 Nxb3 17. axb3 Re8 18. Rad1 Nc6 19. e5 f6 20. Nd4 Bb7 21. Bd6
Rbc8 22. Nb6 Rcd8 23. Nc4 Nxd4 24. Rxd4 fxe5 25. fxe5 Bf8 26. Rfd1 Bd5 27. Bxf8
Rxf8 28. Ne3 Rc8 29. Rxb4 Rfd8 30. Rbd4 Rf8 31. Nxd5 exd5 32. c3 Rb8 33. b4 a5
34. bxa5 Rxb2 35. R4d2 Rb3 36. Rxd5 Rxc3 37. Rd8 Rc8 38. Rxc8 Rxc8 39. a6 Ra8
40. Rd6 Kf7 41. Kf2 Re8 42. a7 Ra8 43. Ra6 1-0

[Event "Campeonato Gallego Sub-18"]
[Site "Pontedeume"]
[Date "2010.02.15"]
[Round "6"]
[White "Vazquez Silva, Andres Miguel"]
[Black "Alvarez Dominguez, Breixo"]
[Result "0-1"]
[WhiteElo "1430"]
[BlackElo "1835"]
[PlyCount "30"]
[EventDate "2010.02.13"]
[EventRounds "8"]
[EventCountry "ESP"]

1. d4 d5 2. Nf3 Nf6 3. Bf4 c5 4. e3 Nc6 5. Bb5 Qa5+ 6. Nc3 Ne4 7. Ne5 Nxc3 8.
Bxc6+ bxc6 9. bxc3 Qxc3+ 10. Ke2 cxd4 11. Qd3 f6 12. Qxc3 dxc3 13. Nd3 e5 14.
Bg3 Ba6 15. Kd1 Rb8 0-1

[Event "Campeonato Gallego Sub-18"]
[Site "Pontedeume"]
[Date "2010.02.16"]
[Round "7"]
[White "Villar Perez, Samuel"]
[Black "Medarde Santiago, Luis Marcos"]
[Result "1-0"]
[WhiteElo "2086"]
[BlackElo "1837"]
[PlyCount "89"]
[EventDate "2010.02.13"]
[EventRounds "8"]
[EventCountry "ESP"]

1. d4 d5 2. Nf3 c5 3. c4 Nf6 4. cxd5 cxd4 5. Nxd4 Nxd5 6. e4 Nf6 7. Nc3 e5 8.
Bb5+ Bd7 9. Bxd7+ Nbxd7 10. Nf5 Nc5 11. Qxd8+ Rxd8 12. Bg5 Ncd7 13. Nb5 Bb4+
14. Ke2 O-O 15. Nxa7 Ra8 16. Nb5 Nxe4 17. Be3 Ra5 18. Rhd1 Rxb5 19. Rxd7 Nf6
20. Rdd1 g6 21. Ng3 Ba5 22. b3 Nd5 23. Bd2 Bxd2 24. Rxd2 Ra8 25. Ne4 Nf4+ 26.
Kf3 Rxb3+ 27. axb3 Rxa1 28. Rd8+ Kg7 29. Rd7 Rb1 30. Rxb7 Ne6 31. Kg3 Nd4 32.
b4 Nf5+ 33. Kf3 Rb3+ 34. Ke2 Nd4+ 35. Kd2 Rb2+ 36. Kd3 Rb3+ 37. Kc4 Rb2 38. Kd5
Kh6 39. g4 Rb3 40. g5+ Kh5 41. Rxf7 Rxb4 42. h3 Rb5+ 43. Kc4 h6 44. Rh7 Nf5 45.
Kxb5 1-0

[Event "Campeonato Gallego Sub-18"]
[Site "Pontedeume"]
[Date "2010.02.16"]
[Round "7"]
[White "Portela Gonzalez, Adrian"]
[Black "Alonso Macias, Victor"]
[Result "1/2-1/2"]
[WhiteElo "1811"]
[BlackElo "1999"]
[PlyCount "42"]
[EventDate "2010.02.13"]
[EventRounds "8"]
[EventCountry "ESP"]

1. Nf3 Nf6 2. g3 g6 3. Bg2 Bg7 4. d4 O-O 5. Bf4 Nh5 6. Be3 d6 7. Qd2 c6 8. Bh6
Qc7 9. Bxg7 Kxg7 10. Nc3 Nf6 11. e4 e5 12. O-O-O Bg4 13. h3 Bxf3 14. Bxf3 b5
15. g4 b4 16. Ne2 a5 17. h4 Ng8 18. Bg2 h6 19. f4 exf4 20. Nxf4 Nd7 21. Bf3 Nb6
1/2-1/2

[Event "Campeonato Gallego Sub-18"]
[Site "Pontedeume"]
[Date "2010.02.16"]
[Round "7"]
[White "Fernandez Ansuar, Borja"]
[Black "Gomez Dominguez, Xavier"]
[Result "0-1"]
[WhiteElo "1686"]
[BlackElo "2033"]
[PlyCount "63"]
[EventDate "2010.02.13"]
[EventRounds "8"]
[EventCountry "ESP"]

1. d4 Nf6 2. c4 g6 3. Nc3 Bg7 4. Nf3 O-O 5. Bf4 d6 6. e3 Nc6 7. h3 Nd7 8. Be2
h6 9. O-O e5 10. Bh2 f5 11. a3 e4 12. Nd2 Nf6 13. b4 Ne7 14. Rc1 c6 15. c5 d5
16. b5 g5 17. Qa4 Ne8 18. bxc6 bxc6 19. Rb1 f4 20. Na2 f3 21. gxf3 exf3 22.
Bxf3 Bxh3 23. Rfe1 Qd7 24. Qa6 Rxf3 25. Bg3 Rf7 26. Rb7 Qe6 27. Kh2 h5 28. f3
h4 29. Bf2 g4 30. Bxh4 Qh6 31. Rxe7 Rxe7 32. Qxc6 0-1

[Event "Campeonato Gallego Sub-18"]
[Site "Pontedeume"]
[Date "2010.02.16"]
[Round "7"]
[White "Otero Nogueira, Brais"]
[Black "Pedreira Giralda, Francisco"]
[Result "1/2-1/2"]
[WhiteElo "1934"]
[BlackElo "1749"]
[PlyCount "116"]
[EventDate "2010.02.13"]
[EventRounds "8"]
[EventCountry "ESP"]

{581MB, Fritz11.ctg, IBK} 1. e4 Nf6 2. Nc3 d5 3. exd5 Nxd5 4. Bc4 c6 5. Qf3 Nf6
6. Nge2 Bg4 7. Qg3 e6 8. h3 Bd6 9. Qh4 Bxe2 10. Bxe2 Nbd7 11. d3 Ne5 12. f4 Ng6
13. Qf2 Qc7 14. O-O Nd5 15. f5 exf5 16. Nxd5 cxd5 17. Qxf5 Qc5+ 18. Kh1 O-O 19.
c3 d4 20. Qxc5 Bxc5 21. c4 Rae8 22. Bf3 Ne5 23. Be4 Nxc4 24. Bxb7 Nxb2 25. Bxb2
Rb8 26. Bxd4 Bxd4 27. Rab1 Bb6 28. Bd5 g6 29. Rbe1 Rbd8 30. Bc4 Rd7 31. Re4 Kg7
32. g4 f6 33. Kg2 Rc7 34. Re6 Bc5 35. Rfe1 Rb7 36. R1e2 f5 37. g5 f4 38. Kf3
Rb1 39. Re1 Rxe1 40. Rxe1 Be3 41. Rb1 Bb6 42. Rb5 h6 43. h4 hxg5 44. hxg5 Rf5
45. Rxf5 gxf5 46. Kxf4 Kg6 47. Ke5 Kxg5 48. d4 Kg6 49. Bd3 Kf7 50. Bxf5 Ke7 51.
Kd5 Kd8 52. a4 Kc7 53. Bg4 Kd8 54. Ke5 Ke7 55. d5 Kd8 56. Kd6 Be3 57. Ke6 Bf2
58. d6 Be3 1/2-1/2

[Event "Campeonato Gallego Sub-18"]
[Site "Pontedeume"]
[Date "2010.02.16"]
[Round "7"]
[White "Perez Dominguez, David"]
[Black "Cruz Guerra, Samuel"]
[Result "1-0"]
[WhiteElo "1733"]
[BlackElo "1808"]
[PlyCount "73"]
[EventDate "2010.02.13"]
[EventRounds "8"]
[EventCountry "ESP"]

1. e4 Nc6 2. d4 d5 3. e5 Bf5 4. Nf3 Qd7 5. c3 h5 6. Bf4 O-O-O 7. Nbd2 f6 8. h4
Nh6 9. Nb3 e6 10. a4 Ng4 11. Bb5 a6 12. Bd3 Bxd3 13. Qxd3 Be7 14. a5 Rdg8 15.
Qe2 Kb8 16. Bg3 Nd8 17. Nbd2 Nf7 18. b4 f5 19. Nb3 g5 20. hxg5 Nxg5 21. Nxg5
Bxg5 22. Nc5 Qe8 23. b5 axb5 24. a6 b6 25. a7+ Ka8 26. Na6 Qd7 27. Qa2 c6 28.
Nb8 Qb7 29. Ke2 h4 30. Bh2 Nxh2 31. Rxh2 Bf4 32. Rh3 Rxg2 33. Qa3 Bg3 34. Qd6
Rxf2+ 35. Kd3 f4 36. Nd7 Rd8 37. Qb8+ 1-0

[Event "Campeonato Gallego Sub-18"]
[Site "Pontedeume"]
[Date "2010.02.16"]
[Round "7"]
[White "Gonzalez Carro, Victor"]
[Black "Carballo Noya, Miguel"]
[Result "1-0"]
[WhiteElo "1708"]
[BlackElo "1739"]
[PlyCount "75"]
[EventDate "2010.02.13"]
[EventRounds "8"]
[EventCountry "ESP"]

1. e4 e6 2. Nf3 d5 3. Nc3 Nf6 4. e5 Nfd7 5. d4 c5 6. dxc5 Nc6 7. Bf4 Bxc5 8.
Bd3 Bb6 9. Nb5 Bc7 10. Nxc7+ Qxc7 11. O-O a6 12. c3 b5 13. a4 bxa4 14. Rxa4 Nc5
15. Ra2 Nxd3 16. Qxd3 O-O 17. Ng5 g6 18. Qh3 h5 19. Nf3 f6 20. Qg3 Qg7 21. exf6
Qxf6 22. Bh6 Rf7 23. Ra4 e5 24. Bg5 Qg7 25. Nh4 Bd7 26. Ra3 d4 27. Qd3 dxc3 28.
bxc3 Bf5 29. Qd6 Rc7 30. Nxf5 gxf5 31. Bf6 Qd7 32. Bxe5 Nxe5 33. Qxe5 Re8 34.
Qg3+ Kh7 35. Rxa6 Rg8 36. Qf3 Qf7 37. Re1 Rb7 38. h3 1-0

[Event "Campeonato Gallego Sub-18"]
[Site "Pontedeume"]
[Date "2010.02.16"]
[Round "7"]
[White "Sanchez Gabin, Aranzazu"]
[Black "Rivera Couce, Aday"]
[Result "1/2-1/2"]
[WhiteElo "1631"]
[BlackElo "1584"]
[PlyCount "53"]
[EventDate "2010.02.13"]
[EventRounds "8"]
[EventCountry "ESP"]

1. e4 e5 2. Nf3 Nc6 3. Bb5 a6 4. Ba4 Nf6 5. O-O b5 6. Bb3 Be7 7. Re1 O-O 8. c3
d6 9. h3 Na5 10. Bc2 c5 11. d4 cxd4 12. cxd4 Qc7 13. Nc3 Bd7 14. Qd3 Rfc8 15.
Bb1 g6 16. Rd1 Be6 17. d5 Bd7 18. Nxe5 dxe5 19. d6 Bxd6 20. Qxd6 Qxd6 21. Rxd6
Rc6 22. Rxc6 Bxc6 23. Bg5 Kg7 24. Bc2 Rd8 25. Bxf6+ Kxf6 26. Rd1 Rxd1+ 27. Nxd1
1/2-1/2

[Event "Campeonato Gallego Sub-18"]
[Site "Pontedeume"]
[Date "2010.02.16"]
[Round "7"]
[White "Rodriguez Reboredo, Sara"]
[Black "Gomez Dieguez, David"]
[Result "1/2-1/2"]
[WhiteElo "1594"]
[BlackElo "1878"]
[PlyCount "119"]
[EventDate "2010.02.13"]
[EventRounds "8"]
[EventCountry "ESP"]

1. d4 Nf6 2. Nf3 b5 3. Bg5 Bb7 4. e3 a6 5. Nbd2 h6 6. Bh4 d5 7. c3 Nbd7 8. Bd3
c5 9. O-O e6 10. a4 c4 11. Bc2 Be7 12. Ra2 b4 13. cxb4 Bxb4 14. Qa1 a5 15. Nb1
Qb6 16. Nc3 Ne4 17. Bxe4 dxe4 18. Nd2 Qc6 19. Rc1 Nb6 20. b3 Nd5 21. Nxd5 exd5
22. bxc4 Bxd2 23. Rxd2 dxc4 24. Qc3 Qxa4 25. Qxc4 Qxc4 26. Rxc4 Kd7 27. Rb2 Ba6
28. Rc5 Rhb8 29. Rd5+ Ke8 30. Rxb8+ Rxb8 31. h3 a4 32. Ra5 Bb5 33. Bg3 Rb7 34.
Bd6 h5 35. f3 f5 36. fxe4 fxe4 37. Kf2 Kd7 38. Bc5 Ke6 39. Kg3 g5 40. Ra8 Rg7
41. Rh8 h4+ 42. Kh2 Kd5 43. Rc8 Rg6 44. Ba3 Bc6 45. Rb8 Kc4 46. Rb6 Re6 47. Bc5
Kd3 48. Kg1 Bd5 49. Rxe6 Bxe6 50. Kf2 g4 51. hxg4 Bxg4 52. Ba3 Kc3 53. Be7 Be6
54. Bxh4 Bd5 55. Be7 Kb3 56. g4 a3 57. Bxa3 Kxa3 58. Kg3 Kb3 59. g5 Kc4 60. Kf4
1/2-1/2

[Event "Campeonato Gallego Sub-18"]
[Site "Pontedeume"]
[Date "2010.02.16"]
[Round "7"]
[White "Varela Fernandez, Andres"]
[Black "Porto Fuentes, Oscar"]
[Result "0-1"]
[WhiteElo "1632"]
[BlackElo "1424"]
[PlyCount "34"]
[EventDate "2010.02.13"]
[EventRounds "8"]
[EventCountry "ESP"]

1. e4 c5 2. Nc3 e6 3. Nf3 Nc6 4. d4 cxd4 5. Nxd4 Bb4 6. Nxc6 bxc6 7. Qd4 Bxc3+
8. bxc3 Nf6 9. Bg5 h6 10. Bh4 g5 11. Bg3 Rg8 12. Bd3 Nh5 13. O-O-O Bb7 14. Bd6
Qb6 15. Bc5 Qc7 16. e5 Nf4 17. Be4 Ne2+ 0-1

[Event "Campeonato Gallego Sub-18"]
[Site "Pontedeume"]
[Date "2010.02.16"]
[Round "8"]
[White "Portela Gonzalez, Adrian"]
[Black "Villar Perez, Samuel"]
[Result "1/2-1/2"]
[WhiteElo "1811"]
[BlackElo "2086"]
[PlyCount "51"]
[EventDate "2010.02.13"]
[EventRounds "8"]
[EventCountry "ESP"]

1. e4 c5 2. Nf3 Nc6 3. d4 cxd4 4. Nxd4 Nf6 5. Nc3 e5 6. Ndb5 d6 7. Bg5 a6 8.
Na3 b5 9. Nd5 Qa5+ 10. Bd2 Qd8 11. Bg5 Be7 12. Bxf6 Bxf6 13. c3 Bg5 14. Nc2 Ne7
15. a4 bxa4 16. Ncb4 O-O 17. Qxa4 Nxd5 18. Nxd5 a5 19. Bb5 Be6 20. Bc6 Rb8 21.
b4 Bxd5 22. Bxd5 axb4 23. cxb4 Qb6 24. O-O Qxb4 25. Qxb4 Rxb4 26. Ra7 1/2-1/2